000 00340nam a2200133Ia 4500
005 20260328101510.0
008 260328s9999||||xx |||||||||||||| ||und||
100 _ade Pierrefeu, Francois
245 0 _aLa Maison des Hommes /
_cFrancois de Pierrefeu
260 _bLibrairie Plon
300 _a209 p.
650 _aCorbusier, Le
942 _cBK
999 _c9166
_d9166